Score 0/25 Timer 06:00
2 Plays Today
Question Answer Wrong Answers
Wabbit
A cross-species of a rabbit
Wrong
73.3%
Right
14.5%
Zorro
A breed of dog found in the Middle East
Wrong
66.1%
Right
21.4%
Deracinate
To tear something up by its roots
Right
64.2%
Wrong
22.9%
Nacarat
Color created by mixing green and purple
Wrong
61.5%
Right
25.5%
Rawky
A stretch of rough terrain on a hike
Wrong
57.8%
Right
29.3%
Orrery
A clockwork model of the solar system, or the sun, earth, and the moon
Right
56.8%
Wrong
30.4%
Kinnikinnick
Leaves that fall off Oak and Maple trees in the fall
Wrong
56.7%
Right
30.5%
Pantagruelian
Any species of insect that is diminutive in size
Wrong
56.2%
Right
30.9%
Qanat
Underground tunnel for carrying irrigation water
Right
55%
Wrong
32.5%
Camisado
Any type of military attack carried out in a Spanish country
Wrong
54%
Right
33.2%
Bawbee
A Scottish coin of low value
Right
52.7%
Wrong
34.6%
Gobemouche
A gullible or credulous listener
Right
52.3%
Wrong
35.1%
Xenology
The scientific study of extraterrestrial happenings
Right
50.9%
Wrong
36.7%
Erf
A South African plot of land
Right
49.8%
Wrong
37.7%
Tappen
The plug by which the rectum of a bear is closed during hibernation months
Right
47.4%
Wrong
39.6%
Verjuice
A sour juice obtained from crab apples or unripe grapes
Right
47.2%
Wrong
40%
Scrippage
One's baggage and personal belongings
Right
46.2%
Wrong
41.3%
Umbriferous
Bright
Wrong
45.4%
Right
42.1%
Fipple
A mallet or beater used on percussion instruments
Wrong
44%
Right
43.1%
Meacock
A cowardly or emasculate person
Right
43.6%
Wrong
43.8%
Abaya
A type of shoes traditionally worn by Africans
Wrong
43.3%
Right
44%
Hallux
Anatomy of the small toe
Wrong
41.4%
Right
46%
Ylem
The primordial matter of the universe
Right
37.2%
Wrong
50.1%
Jumentous
Resembling horse's urine
Right
32.7%
Wrong
54.5%
Ingurgitate
To swallow something on a full stomach
Wrong
30.7%
Right
56.9%
Remove Ads.
Support Sporcle.
Get the best of Sporcle when you Go Orange. This ad-free experience offers more features, more stats, and more fun while also helping to support Sporcle. Thank you for becoming a member.

You're not logged in!

Compare scores with friends on all Sporcle quizzes.
OR
Log In

Show Comments

Extras

Top Quizzes Today


Score Distribution

Your Account Isn't Verified!

In order to create a playlist on Sporcle, you need to verify the email address you used during registration. Go to your Sporcle Settings to finish the process.

Report this User

Report this user for behavior that violates our Community Guidelines.

Details: